MDQL
is popping MORE tags! Check the
thread
!
Quizzes
Events
Quiz Creation
Community
Videos
Private Events
Remove Ads
Sign In
Join for FREE
Feedback
Dark Mode
Quiz Categories
Sports
Geography
Music
Movies
Television
Just For Fun
Miscellaneous
History
Literature
Language
Science
Gaming
Entertainment
Religion
Holiday
For Kids
Quiz Lab
Recent
Popular Today
Quiz Kudos Today
Editor Picks
Curator Picks
Quizzes by...
Day
Popularity
Type
Ratings
Length
Year
Community
Subscriptions
Recent Discussions
Orange Saloon
Badges
Playlists
Quests
Create
Leaderboards
Showdown
Live 5
Trivia Bingo
Activity
Puzzle Library
Sporcle Events
Private Events
Virtual Trivia
Globe League
Become a Host
Pub Owners
SporcleCon
Opinionation
Our Games
Videos
Blog
Mobile Apps
Partnerships
Remove Ads and Go Orange
Feedback
Movies
Disney
Marvel Cinematic Universe
Movie Resume
Movie Titles
Oscar
Actor
Actress
Director
Pixar
Role
Movie Quotes
Movie Characters
Box Office
Nominee
Best Picture
Star Wars
James Bond
Horror Movies
Movies
Disney
Marvel Cinematic Universe
Movie Resume
Movie Titles
Oscar
Actor
Actress
Director
Pixar
Role
Movie Quotes
Movie Characters
Box Office
Nominee
Best Picture
Star Wars
James Bond
Horror Movies
Random Quiz
Search Sporcle
×
Quiz Lab
Quiz Lab
Movies
Actor
Type in answers that appear in a list
Type in answers that appear in a list
Classic
Best Score? Go Orange.
Best Supporting Actor Noms of the 1930s Stats
Can you name the Best Supporting Actor nominated performances of the 1930s by description?
By
DanTravers1
15m
20 Questions
181 Plays
181 Plays
181 Plays
Comments
Comments
Give Quiz Kudos
Give Quiz Kudos
-
- Ratings
hide this ad
More Info
Forced Order
Answers have to be entered in order
Answers have to be entered in order
Replay
Link that replays current quiz
Next Quiz
Link to next quiz in quiz playlist
You Got
0%
They Got
Avg Score
70%
Avg Friend Score
Upgrade to see
Score Distribution
Jump to the score distribution portion of the page
Score
0/20
Timer
15:00
0
Plays Today
Description
Actor, Movie
% Correct
A corrupt longtime senator who reluctantly takes advantage of an idealistic newcomer.
Claude Rains, Mr. Smith Goes to Washington (1939)
90.6%
A wrongfully accused Jewish French officer whose release becomes the cause of a famous writer.
Joseph Schildkraut, The Life of Emile Zola (1937)
90.6%
An alcoholic doctor who rides in a carriage with a varied collection of companions in the Western wilderness.
Thomas Mitchell, Stagecoach (1939)
85.1%
A horse raiser who gets in the middle of his niece's romance with a rival.
Walter Brennan, Kentucky (1938)
82.9%
The President of the Senate who witnesses an idealistic young Senator's filibuster.
Harry Carey, Mr. Smith Goes to Washington (1939)
78.5%
An unrepentant European moocher who lives in the home of a wealthy family of American zanies during the Great Depression.
Mischa Auer, My Man Godfrey (1936)
77.9%
A logger who marries his friends former girlfriend when he leaves her for a richer girl.
Walter Brennan, Come and Get It (1936)
76.8%
The arrogant cousin of a young Italian woman who gets into a tragic fight with his cousin's lover.
Basil Rathbone, Romeo and Juliet (1936)
75.7%
A stuffy older man who is haunted by the ghosts of a fun-
loving married couple.
Roland Young, Topper (1937)
71.8%
A vicious Chinese warlord who clashes with the American mercenary who is trying to block him from purchasing arms.
Akim Tamiroff, The General Died at Dawn (1936)
69.1%
Description
Actor, Movie
% Correct
A kind and wise guide in a mysterious utopian mountain community.
H.B. Warner, Lost Horizon (1937)
65.2%
A European-
installed Mexican monarch who clashes with Mexico's democratically elected President.
Brian Aherne, Juarez (1939)
64.6%
A doctor who survived a terrible storm on an island in the South Seas.
Thomas Mitchell, The Hurricane (1937)
64.6%
A dim-
witted oil tycoon who begins dating a zany divorcee.
Ralph Bellamy, The Awful Truth (1937)
64.1%
The king of France who dupes an adventuring poet into joining his administration.
Basil Rathbone, If I Were King (1938)
61.9%
An Arkansas hillbilly who is recruited to play football for a small college in their game against Yale.
Stuart Erwin, Pigskin Parade (1936)
61.3%
A disturbed young man who moves in with an older man and his musically-
inclined offspring.
John Garfield, Four Daughters (1938)
60.8%
The king of France at the time of the French Revolution.
Robert Morley, Marie Antoinette (1938)
57.5%
A sadistic Foreign Legion commander who trains a set of adventuring brothers.
Brian Donlevy, Beau Geste (1939)
56.9%
A scheming resident of the Casbah who deals with the region's ex-
con leader.
Gene Lockhart, Algiers (1938)
53%
Quiz Playlist
Details
Report
Send in Message
Add To Playlist
More Info:
You only have to enter the actors' last names.
Classic:
Type in answers that appear in a list
Forced Order:
Answers have to be entered in order
Last Updated: Feb 16, 2017
Quiz Scoreboard
CHALLENGE
Sign Up to Join the Scoreboard
Show All
Scores
Hide
Comments
May contain spoilers
Recently Published
1-10 Letter E Words III
by El_Dandy
Language
2m
Street Fighter Characters
by Artimus82
Gaming
60s
College Basketball Coaching Resumes
by pancakes188
Sports
9m
More to Explore
Quiz From the Vault
Featured Blog Post
Where Did the Easter Bunny Come From?
hide this ad
You Might Also Like...
Tags
Actor Quiz
1930
description
nom
nomination
Performance
Supporting
Supporting Actor
Today's Top Quizzes in Movies
Browse Movies
hide this ad
Today's Top Quizzes in Actor
Browse Actor
Top Contributed Quizzes in Movies
1
Pick 5 Posters: Directed by Spielberg
2
7-to-1: Pixar Characters
3
Hidden Star Wars Character II
4
Hidden Star Wars Character III
5
Pick 5 Posters: Lowest-Rated Spielberg
6
Sorting Actresses
7
Sorting Actors
8
Hidden Star Wars Character IV
9
Hidden Star Wars Character V
10
Pick 5 Posters: Directed by Scorsese
Explore More
Trending Topics
Kpop
Disney
Harry Potter
NBA
Crossword
Marvel
Anime
The Office
Country
Song
Soccer
Pokémon
NFL
WWE
Puzzle
hide this ad
More By:
DanTravers1
Quiz
Plays
Rating
Category
Featured
Created
The Academy Awards: Volume 9
4,535
4.47
Movies
Feb 4, 2010
The Academy Awards: Volume 10
4,386
4.69
Movies
Feb 5, 2010
The Academy Awards: Volume 8
4,279
4.50
Movies
Feb 4, 2010
Oscar Winners in Best Pictures
3,231
4.43
Movies
Nov 11, 2010
The Academy Awards: Volume 11
2,848
4.00
Movies
Feb 5, 2010
Go to Creator's Profile
Score Distribution
Quiz Creator Spotlight
DanTravers1
Follow
Send a Message
Quizzes Created
-
Created Quiz Play Count
-
More By This Creator
Popular Quizzes Today
1
Find the US States - No Outlines Minefield
2
Find the Countries of Europe - No Outlines Minefield
3
The Countries of the World
4
Find the US States
5
Risky Map Clicking: Biggest States A-Z
6
US States
7
Popular People in 1961
8
Movies - When Are They Set?
More Movies Quizzes
Bonus Round Blitz! - Movie Titles
Quiz Lab
Trending Quizzes
Risky Map Clicking: Least Populous States A-Z
1-10 Letter G Words
USA Borders Longest to Shortest
1-10 Letter F Words
Countries of the World: 200 Million BC
Recently Updated
Leaping Animals
pecheneg
Reality TV Shows (A-Z)
bhenderson79
Rickey Henderson's Hall of Fame Teammates
pecheneg
Champions League XIs: Arsenal
pecheneg
Quick Pick: Celebrities in WWE's Hall of Fame
aduchscher
A-Z Keypad Blitz II
pecheneg
Multiple Oscar Actors
pecheneg
Mystery Phrase Blitz: Oscar 'Best Actors'
pecheneg
F. Scott Fitzgerald Novels
LTH
Pick 3 Villains
ddd62291
Trending Topics
Harry Potter
Disney
Anime
Crossword
Kpop
Marvel
NBA
The Office
WWE
Pokémon
Soccer
Country
NFL
Song
Puzzle
Your Account Isn't Verified!
In order to create a playlist on Sporcle, you need to verify the email address you used during registration. Go to your
Sporcle Settings
to finish the process.
Report this User
Report this user for behavior that violates our
Community Guidelines
.
Details:
Send Report
Go to the Sporcle.com Mobile Site →
Comments